00327 2200145 4500001002100000005001500021035002000036245002200056100001400078300002200092260003100114082000600145084001200151020001800163INLIS00000000000036920260331093224 a0010-03260000011 aBumi /cTere Liye aTere Liye a400 hlm. ;c20 cm aJakarta :bGramedia,c2018 aF aF TER b a9786020332949